Riconosci il Trasferimento - Quiz n°9 - Statistics

Statistiche generali
  • Questo quiz è stato fatto 1.785 volte
  • Il punteggio medio è 13 su 20
Statistiche sulle risposte
Ruolo Nazione Trasferimenti Calciatore % Corretto
Attaccante Spagna Real Madrid Castilla 2010 - Real Madrid 2010 - Juventus 2014 - Real Madrid 2016 - Chelsea 2017 - Atletico Madrid 2019 - Juventus 2020 - Atletico Madrid 2022 Álvaro Morata
98%
Attaccante Colombia Deportivo Cali 2009 - Grenada 2010 - Lecce 2011 - Udinese 2012 - Sampdoria 2015 - Siviglia 2017 - Fiorentina 2019 - Atalanta 2019 Luis Muriel
81%
Attaccante Brasile Flamengo 2017 - Real Madrid Castilla 2018 - Real Madrid 2018 Vinicius Jr
81%
Difensore Brasile/Italia Goiás 2008 - San Paolo 2012 - Roma 2014 - San Paolo 2014 - Atalanta 2015 Rafael Tolói
79%
Attaccante Italia Juventus 2008 - Siena 2010 - Grosseto - Pescara 2011 - Genoa 2012 - Torino 2013 - Borussia Dortmund 2014 - Siviglia 2015 - Torino 2016 - Lazio 2016 Ciro Immobile
77%
Difensore Italia Milan 2015 Davide Calabria
77%
Centrocampista/Attaccante Argentina Arsenal 2006 - San Lorenzo 2009 - Catania 2010 - Metalist 2013 - Atalanta 2014 - Siviglia 2021 Alejandro Gómez
75%
Difensore Uruguay Cerro 2003 - Nacional 2006 - Villareal 2007 - Atletico Madrid 2010 - Inter 2019 - Cagliari 2020 - Atletico Mineiro 2022- Velez Sarsfield 2022 Diego Godín
73%
Difensore/Attaccante Polonia Roma 2021 Nicola Zalewski
73%
Centrocampista Germania Schalke 04 2006 - Werder Brema 2008 - Real Madrid 2010 - Arsenal 2013 - Fenerbahçe 2021 - İstanbul Başakşehir 2022 Mesut Özil
70%
Attaccante Inghilterra Manchester United 2015 Marcus Rashford
68%
Centrocampista Olanda AZ Alkmaar 2017 - Atalanta 2021 Teun Koopmeiners
64%
Difensore Francia Sochaux 2016 - Red Bull Lipsia 2017 - Liverpool 2021 Ibrahima Konaté
62%
Difensore Svizzera Grosshoppers 2001 - Lilla 2005 - Lazio 2008 - Juventus 2011 - Arsenal 2018 - Augusta 2019 Stephan Lichtsteiner
60%
Difensore Inghilterra Liverpool 2016 Trent Alexander-Arnold
60%
Portiere Belgio Sint-Truiden 2006 - Sunderland 2010 - Liverpool 2013 - Club Bruges 2019 Simon Mignolet
58%
Portiere Argentina Ferro Carril Oeste 2007 - Deportivo Merlo 2009 - Atletico Nacional 2010 - River Plate 2018 Franco Armani
55%
Difensore Croazia Lok. Zagabria 2009 - Dinamo Zagabria 2009 - Genoa 2013 - Sassuolo 2014 - Atletico Madrid 2016 - Inter 2018 - Atletico Madrid 2019 - Olympiakos Šime Vrsaljko
48%
Portiere Portogallo Porto B 2017 - Porto 2019 Diogo Costa
43%
Difensore Spagna Villareal B 2016 - Villareal 2017 - Malaga 2018 - Villareal 2019 Pau Torres
42%
Nessun quiz corrispondente trovato
Distribuzione punteggi
Percentuale di utenti per punteggio
Percentile per numero di risposta
I tuoi punteggi nel tempo
Non hai fatto questo quiz